000
00258nam a22001217a 4500
008
170717b xxu||||| |||| 00| 0 eng d
041
_a
eng
080
_a
2
100
_a
24
101
_a
TEO
245
_a
SYSTEMATIC THEOLOGY
_c
STRONO, A.H
942
_2
udc
_c
BK
999
_c
21254
_d
21254